000 00933cab a2200265 4500
001 ABS59627
008 090401t1998 xxu||||| |||| 00| 0 eng d
035 _a(Sirsi) u89847
041 _aeng
100 _aTanney, A.
245 _aMistakes of law: will it be the end of an error?
260 _c1998
350 _a0
490 _aProperty Week
_v63(30) 20 November 1998, 36(1)
520 _aOverpayment of service charge has not been recoverable in the past because it was classified as a mistake of law. The decision by the House of Lords to reject this rule is considered, in the context of its implications for the law relating to service charges.
650 _aLANDLORD AND TENANT
_96252
650 _aMISTAKES OF FACT
650 _aMISTAKES OF LAW
650 _aOVERPAYMENT
650 _aSERVICE CHARGES
690 _aCOMMERCIAL PROPERTY-MANAGEMENT
700 _aShea, C.
942 _n0
948 _c20/11/1998
999 _c56876
_d56876